000 00607nam a2200181Ia 4500
008 151202s9999||||xx |||||||||||||| ||und||
082 _bPNVM-32810
100 _aदांडेकर मालती.
245 _aशूरा मी वंदिले.
260 _b"विशाखा प्रकाशन,पुणे."
260 _c1977
300 _a128
600 _aदांडेकर मालती.
630 _aशूरा मी वंदिले.
700 _aदांडेकर मालती.
730 _aशूरा मी वंदिले.
942 _cBOOK
999 _c1298771
_d1298768